One Piece- Les primes des Supernovae à leur arrivée sur Sabaody - Statistiques

Statistiques générales
  • Ce quiz a été pris 53 fois
  • Le résultat moyen est 6 sur 11
Statistiques - réponses
Supernova Prime sur Sabaody % Correct
Monkey D.Luffy 300.000.000
100%
Trafalgar D.Waterlaw 200.000.000
81%
Roronoa Zoro 120.000.000
79%
Eustass Captain Kid 315.000.000
71%
Urouge 108.000.000
54%
Jewerly Bonney 140.000.000
52%
X-Drake 222.000.000
40%
Capone Gang Bege 138.000.000
35%
Scratchmen Apoo 198.000.000
33%
Killer 162.000.000
27%
Basil Hawkins 249.000.000
25%
Aucun quiz correspondant
Distribution des résultats
% des personnes avec chaque résultat
Percentile par nombre de réponses
Votre historique - résultats
Vous n’avez pas pris ce quiz